| Tag |
First Indicator |
Second Indicator |
Subfields |
| LEADER |
00000cam a2200000Ia 4500 |
| 001 |
in00002189727 |
| 005 |
20151104065622.0 |
| 008 |
020816s1962 fluab 000 0 eng d |
| 034 |
0 |
|
|a a
|d W0843000
|e W0790000
|f N0320000
|g N0234500
|
| 035 |
|
|
|a (OCoLC)ocm50421496
|
| 040 |
|
|
|a OLA
|c OLA
|d OCLCQ
|d TXA
|d UtOrBLW
|
| 043 |
|
|
|a n-us-fl
|a nm-----
|
| 049 |
|
|
|a TXAM
|
| 090 |
|
|
|a GC1
|b .M53 no.62-6
|
| 245 |
0 |
2 |
|a A report of data obtained in Florida Straits and off the West Coast of Florida, July-December 1961.
|
| 255 |
|
|
|a Scales differ
|c (W 84⁰30ʹ--W 79⁰/N 32⁰--N 23⁰45ʹ).
|
| 264 |
|
1 |
|a Miami, Fla. :
|b Institute of Marine Science, Marine Laboratory, University of Miami,
|c [1962]
|
| 300 |
|
|
|a ii, 108 pages :
|b illustrations, maps ;
|c 28 cm.
|
| 336 |
|
|
|a text
|b txt
|2 rdacontent
|
| 337 |
|
|
|a unmediated
|b n
|2 rdamedia
|
| 338 |
|
|
|a volume
|b nc
|2 rdacarrier
|
| 490 |
1 |
|
|a Publication (Institute of Marine Science)
|
| 500 |
|
|
|a "62-6."
|
| 500 |
|
|
|a "8825, ML 62179."
|
| 500 |
|
|
|a "Submitted June 1962 to the Office of Naval Research, Contract Nonr 840 (01)."
|
| 500 |
|
|
|a "The cruises with the GERDA were sponsored by the Office of Naval Research under Contract Nonr 4008 (02) and the National Science Foundation. The cruises with the GREEN SEAS were sponsored by the Bureau of Commercial Fisheries of the Department of the Interior under contract Number 14-17-0002-4"--P. 1.
|
| 500 |
|
|
|a Data also available in electronic format. To request data use CONTACT page on NODC's National Virtual Data System (NVDS).
|
| 610 |
2 |
0 |
|a Gerda (Ship).
|b Cruise
|n (G 6117 :
|d 1961)
|
| 610 |
2 |
0 |
|a Gerda (Ship).
|b Cruise
|n (G 6118 :
|d 1961)
|
| 610 |
2 |
0 |
|a Gerda (Ship).
|b Cruise
|n (G 6127 :
|d 1961)
|
| 610 |
2 |
0 |
|a Gerda (Ship).
|b Cruise
|n (G 6128 :
|d 1961)
|
| 610 |
2 |
0 |
|a Green Seas (Ship).
|b Cruise
|n (GS 6104 :
|d 1961)
|
| 610 |
2 |
0 |
|a Green Seas (Ship).
|b Cruise
|n (GS 6105 :
|d 1961)
|
| 610 |
2 |
0 |
|a Green Seas (Ship).
|b Cruise
|n (GS 6106 :
|d 1961)
|
| 610 |
2 |
0 |
|a Green Seas (Ship).
|b Cruise
|n (GS 6107 :
|d 1961)
|
| 610 |
2 |
0 |
|a Green Seas (Ship).
|b Cruise
|n (GS 6108 :
|d 1961)
|
| 610 |
2 |
0 |
|a Green Seas (Ship).
|b Cruise
|n (GS 6109 :
|d 1961)
|
| 650 |
|
0 |
|a Ocean temperature
|z Florida, Straits of
|v Observations.
|
| 650 |
|
0 |
|a Ocean temperature
|z Mexico, Gulf of
|v Observations.
|
| 650 |
|
0 |
|a Salinity
|z Florida, Straits of
|v Observations.
|
| 650 |
|
0 |
|a Salinity
|z Mexico, Gulf of
|v Observations.
|
| 650 |
|
0 |
|a Water
|x Dissolved oxygen
|z Florida, Straits of
|v Observations.
|
| 650 |
|
0 |
|a Water
|x Dissolved oxygen
|z Mexico, Gulf of
|v Observations.
|
| 650 |
|
0 |
|a Water
|x Phosphorus content
|z Florida, Straits of
|v Observations.
|
| 650 |
|
0 |
|a Water
|x Phosphorus content
|z Mexico, Gulf of
|v Observations.
|
| 710 |
2 |
|
|a University of Miami.
|b Institute of Marine Science.
|
| 710 |
1 |
|
|a United States.
|b Office of Naval Research.
|
| 710 |
1 |
|
|a United States.
|b Bureau of Commercial Fisheries.
|
| 710 |
2 |
|
|a National Science Foundation (U.S.)
|
| 830 |
|
0 |
|a Publication (University of Miami. Marine Laboratory) ;
|v no. 62-6.
|
| 994 |
|
|
|a C0
|b TXA
|
| 948 |
|
|
|a cataloged
|b h
|c 2006/8/28
|d c
|e jlanham
|f 12:04:30 pm
|
| 999 |
|
|
|a MARS
|
| 999 |
f |
f |
|s 117ceaf3-a0f9-33d7-81ee-390322989ebf
|i 628b22cd-8794-3dd4-acf5-b3034598d7ba
|t 0
|
| 952 |
f |
f |
|p ric
|a Texas A&M University
|b Rellis Campus
|c Joint Library Facility
|d Remote Storage
|t 0
|e GC1 .M53 no.62-6
|h Library of Congress classification
|i unmediated -- volume
|m A14834731648
|
| 998 |
f |
f |
|a GC1 .M53 no.62-6
|t 0
|l Remote Storage
|